Top 50 most popular baby boy names in 2025 - Statistics

General Stats
  • This quiz has been taken 226 times
  • The average score is 19 of 50
Answer Stats
Names % Correct
John
79%
Jack
75%
William
73%
James
70%
Liam
67%
Oliver
66%
Daniel
64%
Michael
64%
Noah
63%
David
62%
Luca
62%
Henry
60%
Matthew
56%
Ethan
55%
Samuel
55%
Alexander
53%
Luke
53%
Lucas
52%
Benjamin
50%
Jackson
49%
Leo
46%
Elijah
45%
Owen
43%
Theodore
42%
Aiden
36%
Mason
35%
Logan
33%
Mateo
31%
Gabriel
26%
Muhammad
25%
Sebastian
25%
Grayson
24%
Levi
24%
Carter
23%
Asher
22%
Julian
22%
Wyatt
22%
Caleb
21%
Hudson
21%
Elias
19%
Isaiah
19%
Ezra
17%
Miles
16%
Kai
13%
Maverick
12%
Josiah
11%
Santiago
9%
Roman
8%
Ezekiel
6%
Waylon
2%
No matching quizzes found
Score Distribution
Percent of People with Each Score
Percentile by Number Answered
Your Score History
You have not taken this quiz